[Event "Novosibirsk Region-ch sf"]
[Site "Novosibirsk"]
[Date "2010.10.24"]
[Round "9"]
[White "Vshivkov, Vitaly"]
[Black "Perfiliev, Evgeny"]
[Result "0-1"]
[WhiteElo "1842"]
[BlackElo "1983"]
[PlyCount "64"]
[EventDate "2010.??.??"]
[EventType "swiss"]
[EventRounds "9"]
[EventCountry "RUS"]
[SourceTitle "EXT 2014"]
[Source "ChessBase"]
[SourceDate "2013.11.20"]
[SourceVersion "1"]
[SourceVersionDate "2013.11.20"]
[SourceQuality "1"]

1. d4 d5 2. c4 c6 3. Nc3 Nf6 4. Nf3 dxc4 5. a4 Bf5 6. e3 e6 7. Bxc4 Bb4 8. Bd2 Nbd7 9. Nh4 Bg4 10. Qb3 a5 11. h3 Bh5 12. g4 Bg6 13. Nxg6 hxg6 14. g5 Bxc3 15. bxc3 Ne4 16. f4 Nxd2 17. Kxd2 c5 18. Rae1 Kf8 19. Rb1 Rc8 20. d5 exd5 21. Bxd5 c4 22. Qa3+ Nc5 23. e4 Qe7 24. Ke3 Rd8 25. Kf3 Rh4 26. Rbd1 Rxd5 27. exd5 Qe4+ 28. Kg3 Qxf4+ 29. Kg2 Qxg5+ 30. Kf3 Rf4+ 31. Ke2 Qg2+ 32. Ke3 Qe4+ 0-1

[Event "Novosibirsk Region-ch sf"]
[Site "Novosibirsk"]
[Date "2010.10.19"]
[Round "4"]
[White "Nikitin, Gennady Sergeevich"]
[Black "Perfiliev, Evgeny"]
[Result "1/2-1/2"]
[WhiteElo "2109"]
[BlackElo "1983"]
[PlyCount "55"]
[EventDate "2010.??.??"]
[EventType "swiss"]
[EventRounds "9"]
[EventCountry "RUS"]
[SourceTitle "EXT 2014"]
[Source "ChessBase"]
[SourceDate "2013.11.20"]
[SourceVersion "1"]
[SourceVersionDate "2013.11.20"]
[SourceQuality "1"]

1. e4 c5 2. Nf3 d6 3. d4 cxd4 4. Nxd4 Nf6 5. Nc3 g6 6. Be3 Bg7 7. f3 0-0 8. Qd2 Nc6 9. Bc4 Nd7 10. 0-0-0 Nb6 11. Bb3 Ne5 12. Qe2 a5 13. a4 Bd7 14. Ndb5 Rc8 15. Bd4 Nec4 16. Bxg7 Kxg7 17. h4 h6 18. Rd4 Ne5 19. f4 Bg4 20. Qf1 Nc6 21. Rd2 Nd7 22. Bc4 Qb6 23. Qf2 Nc5 24. Re1 Nb4 25. Bf1 Bd7 26. f5 Bc6 27. Kb1 Rcd8 28. Bc4 1/2-1/2

[Event "Novosibirsk Sukharev Memorial op"]
[Site "Novosibirsk"]
[Date "2010.07.18"]
[Round "1"]
[White "Korobkin, Maxim"]
[Black "Perfiliev, Evgeny"]
[Result "1-0"]
[WhiteElo "2315"]
[BlackElo "1993"]
[PlyCount "57"]
[EventDate "2010.07.18"]
[EventType "swiss"]
[EventRounds "9"]
[EventCountry "RUS"]
[SourceTitle "EXT 2011"]
[Source "ChessBase"]
[SourceDate "2010.11.26"]
[SourceVersion "1"]
[SourceVersionDate "2010.11.26"]
[SourceQuality "1"]

1. d4 d5 2. Nf3 Nf6 3. e3 Bg4 4. h3 Bh5 5. c4 e6 6. Nc3 Be7 7. g4 Bg6 8. Ne5 Ne4 9. Nxg6 Nxc3 10. Qb3 hxg6 11. Qxb7 Nd7 12. bxc3 Nb6 13. Qc6+ Qd7 14. cxd5 Qxc6 15. dxc6 Nd5 16. Bd2 Rb8 17. e4 Nf6 18. f3 Rb6 19. a4 a6 20. a5 Rxc6 21. Rb1 Nd7 22. Bd3 0-0 23. Ke2 Rd8 24. Rb7 e5 25. Rhb1 exd4 26. cxd4 Bf6 27. d5 Rd6 28. Rxc7 Re8 29. Kd1 1-0

[Event "Novosibirsk-ch"]
[Site "Novosibirsk"]
[Date "2010.03.10"]
[Round "7"]
[White "Perfiliev, Evgeny"]
[Black "Vorobjov, Stanislav"]
[Result "0-1"]
[WhiteElo "1975"]
[BlackElo "2220"]
[PlyCount "52"]
[EventDate "2010.03.01"]
[EventType "swiss"]
[EventRounds "9"]
[EventCountry "RUS"]
[SourceTitle "CBM 135 Extra"]
[Source "ChessBase"]
[SourceDate "2010.05.04"]
[SourceVersion "1"]
[SourceVersionDate "2010.05.04"]
[SourceQuality "1"]

1. e4 c5 2. Nf3 g6 3. d4 cxd4 4. Nxd4 Nf6 5. Nc3 d6 6. f3 Bg7 7. Be3 0-0 8. Qd2 Nc6 9. Bc4 e6 10. Ndb5 d5 11. exd5 Nxd5 12. Bxd5 exd5 13. 0-0-0 a6 14. Nd4 Ne5 15. b3 b5 16. Nde2 Qa5 17. Nxd5 Qa3+ 18. Kb1 Nc4 19. Qc1 Bb2 20. Bd4 Bxc1 21. Nf6+ Kg7 22. Rxc1 Rd8 23. Nd5+ Kg8 24. Nf6+ Kg7 25. Nd5+ Kf8 26. bxc4 bxc4 0-1